000
00317nam a2200145Ia 4500
008
191201s2010 xx 000 0 und d
082
_a
338.5
_b
DOM
100
_a
DORNBUSCH,Rudiger
245
0
_a
Macroeconomic
250
_a
Rep
260
_a
N. delhi
_b
TMH
_c
2010
300
_a
613
650
_a
BBA
942
_2
ddc
_c
BK
999
_c
4878
_d
4878